Desať vitamínov v jednej tablete...
Reklamná kampaň agentúry Progress promotion na šumivý multivitamínový prípravok Slovit Multi z produkcie Slovakofarmy. Slovakofarma prichádza na trh s radom šumivých produktov, ktoré sa distribuujú pod spoločným názvom Slovit ako registrovanej známky. Príprava reklamnej kampane. Výdavky na reklamu v...
Saved in:
| Main Author: | |
|---|---|
| Format: | Book Chapter |
| Language: | Slovak |
| Subjects: | |
| Tags: |
No Tags, Be the first to tag this record!
|
MARC
| LEADER | 00000naa a2200000 4500 | ||
|---|---|---|---|
| 001 | r034591 | ||
| 005 | 20230929100000.0 | ||
| 041 | 0 | |a slo | |
| 044 | |a SK | ||
| 245 | 1 | 0 | |a Desať vitamínov v jednej tablete... |c Nataša Batíková |
| 520 | |a Reklamná kampaň agentúry Progress promotion na šumivý multivitamínový prípravok Slovit Multi z produkcie Slovakofarmy. Slovakofarma prichádza na trh s radom šumivých produktov, ktoré sa distribuujú pod spoločným názvom Slovit ako registrovanej známky. Príprava reklamnej kampane. Výdavky na reklamu v kategórii vitamínových prípravkov za január - november 1998. | ||
| 610 | 2 | 0 | |a kampane reklamné |
| 610 | 2 | 0 | |a vitamíny |
| 610 | 2 | 0 | |a Slovakofarma, a.s. Hlohovec |
| 610 | 2 | 0 | |a agentúry |
| 610 | 2 | 0 | |a Progress Promotion |
| 610 | 2 | 0 | |a Slovit |
| 610 | 2 | 0 | |a známky ochranné |
| 610 | 2 | 0 | |a reklama |
| 610 | 2 | 0 | |a výdavky |
| 610 | 2 | 0 | |a január-november |
| 610 | 2 | 0 | |a 1998 |
| 100 | 1 | |a Batíková, Nataša | |